NBA Records Click Quiz - Statistics

General Stats
  • This quiz has been taken 9,234 times
  • The average score is 12 of 20
Answer Stats
Hint Answer % Correct
Most career three pointers (4,058) Steph Curry
87%
Most points in a game (100) Wilt Chamberlain
85%
Most career points (42,184) Lebron James
84%
Most rings (11) Bill Russell
79%
Most career assists (15,806) John Stockton
79%
Shortest player to win an MVP (6'0") Allen Iverson
71%
Youngest MVP (22) Derrick Rose
70%
Most rebounds in a game without scoring (28) Dennis Rodman
67%
Most points in a quarter (37) Klay Thompson
67%
Most points in a playoff game (63) Michael Jordan
65%
Most rebounds by a guard (8,761) Russell Westbrook
61%
Most seasons played on a single team (21) Dirk Nowitzki
59%
Most regular season MVP awards (6) Kareem Abdul-Jabbar
59%
Most four-point plays (96) James Harden
52%
Most technical fouls in a season (41) Rasheed Wallace
50%
Lowest free throw percentage (41.4%) Ben Wallace
44%
Most NBA finals appearances without winning (8) Elgin Baylor
43%
Most assists in a game (30) Scott Skiles
43%
Youngest player to win a ring (18) Darko Miličić
40%
Most blocks per game in a season (5.56) Mark Eaton
36%
No matching quizzes found
Score Distribution
Percent of People with Each Score
Percentile by Number Answered
Your Score History
You have not taken this quiz